| 000 | 00736cam a22002295a 4500 | ||
|---|---|---|---|
| 001 | L157392 | ||
| 008 | 121121s2012 xxko f 000 0 eng d | ||
| 020 | _a9781848062771 | ||
| 035 | _a(Sirsi) u157392 | ||
| 041 | 0 | _aeng | |
| 100 | 1 | _aBlackmore, Paul | |
| 245 | 0 | 4 | _aThe construction products regulation and CE marking |
| 260 |
_aWatford _bBRE _c2012 |
||
| 300 |
_a8p. _bill. _c30cm. |
||
| 490 | 0 |
_aBRE Information Paper _v(13/12) |
|
| 520 | _aDiscusses CE marking under the EU Construction Products Regulation, which will come into effect on 1 July 2013. Advises on how to comply with the Regulation. | ||
| 521 | _aAdvanced | ||
| 590 | _aKA | ||
| 651 | 4 |
_aUnited Kingdom _y |
|
| 690 |
_aHealth and safety _96244 |
||
| 942 | _n0 | ||
| 999 |
_c114751 _d114751 |
||